[Event "Titled Tuesday intern op 10th May Early"]
[Site "Chess.com INT"]
[Date "2022.05.10"]
[Round "3"]
[White "Silva, Winston Joseph R"]
[Black "Ajay Krishna, S."]
[Result "0-1"]
[WhiteElo "1908"]
[BlackElo "2372"]
[PlyCount "40"]
[EventDate "2022.05.10"]
[EventType "swiss (blitz)"]
[EventRounds "11"]
[EventCountry "USA"]
[SourceTitle "CBM 208 Extra"]
[Source "ChessBase"]
[SourceDate "2022.07.31"]
[SourceVersion "1"]
[SourceVersionDate "2022.07.31"]
[SourceQuality "1"]

1. d4 d5 2. e3 Nf6 3. Bd3 g6 4. Nd2 c5 5. c3 c4 6. Bc2 Bg7 7. f4 0-0 8. Ngf3 b5 9. 0-0 a5 10. Ne5 Bb7 11. Qf3 b4 12. Nexc4 Ba6 13. Re1 bxc3 14. bxc3 Bxc4 15. Nxc4 Qc7 16. Bd3 dxc4 17. Qxa8 cxd3 18. Ba3 d2 19. Red1 Qxc3 20. Bxe7 Qxe3+ 0-1

[Event "THA-chT Rapid"]
[Site "Bangkok"]
[Date "2021.12.14"]
[Round "5.4"]
[White "Yutithamnon, Surapole"]
[Black "Silva, Winston Joseph R"]
[Result "0-1"]
[WhiteElo "1889"]
[BlackElo "1933"]
[PlyCount "76"]
[EventDate "2021.12.13"]
[EventType "team-swiss (rapid)"]
[EventRounds "9"]
[EventCountry "THA"]
[SourceTitle "CBM 205 Extra"]
[Source "ChessBase"]
[SourceDate "2022.01.31"]
[SourceVersion "1"]
[SourceVersionDate "2022.01.31"]
[SourceQuality "1"]
[WhiteTeam "SJBVS"]
[BlackTeam "Double Bishop"]
[WhiteTeamCountry "THA"]
[BlackTeamCountry "THA"]

1. d4 c5 2. d5 e5 3. e4 d6 4. Nc3 g6 5. f4 Bg7 6. Bb5+ Bd7 7. a4 a6 8. Bd3 Ne7 9. fxe5 dxe5 10. a5 0-0 11. Be3 Qc7 12. Bc4 Nc8 13. Nge2 Nd6 14. Qd3 f5 15. 0-0 f4 16. Bf2 Bg4 17. h3 Bxe2 18. Qxe2 Nd7 19. b3 f3 20. gxf3 Nf6 21. Na4 Nd7 22. Qe3 Rac8 23. Bh4 Nf6 24. Nb6 Rce8 25. Bf2 Nd7 26. Nxd7 Qxd7 27. Kh2 Rc8 28. Bg3 Kh8 29. Rae1 Ne8 30. f4 exf4 31. Bxf4 Nf6 32. d6 Nh5 33. e5 Nxf4 34. Rxf4 Rxf4 35. Qxf4 Rf8 36. e6 Qc6 37. Qxf8+ Bxf8 38. e7 Qxd6+ 0-1

[Event "Titled Tuesday intern op 03rd Nov"]
[Site "Chess.com INT"]
[Date "2020.11.03"]
[Round "3"]
[White "Silva, Winston Joseph R"]
[Black "Khalafova, Narmin Ilgar Qizi"]
[Result "0-1"]
[WhiteElo "1892"]
[BlackElo "2279"]
[PlyCount "76"]
[EventDate "2020.11.03"]
[EventType "swiss (blitz)"]
[EventRounds "11"]
[EventCountry "USA"]
[SourceTitle "CBM 199 Extra"]
[Source "ChessBase"]
[SourceDate "2021.01.31"]
[SourceVersion "1"]
[SourceVersionDate "2021.01.31"]
[SourceQuality "1"]

1. d4 d5 2. e3 Nf6 3. Bd3 g6 4. h4 h5 5. Nh3 Bh6 6. f4 Bg4 7. Qd2 e6 8. Nf2 Bf5 9. c4 c5 10. Bxf5 exf5 11. dxc5 dxc4 12. Qxd8+ Kxd8 13. Na3 Na6 14. c6 bxc6 15. Nxc4 Nb4 16. Ke2 Kc7 17. Bd2 Nbd5 18. Ne5 Rhe8 19. Rac1 Re6 20. Nfd3 Ne4 21. Nc5 Nxc5 22. Rxc5 f6 23. Nxg6 Rg8 24. g4 fxg4 25. f5 Ree8 26. Rhc1 Nxe3 27. Rxc6+ Kb8 28. Kf2 Nxf5 29. Bxh6 Nxh6 30. Nf4 g3+ 31. Kg2 Nf5 32. R1c3 Nxh4+ 33. Kh3 g2 34. Rb3+ Ka8 35. Nd5 g1N+ 36. Kxh4 Rg4+ 37. Kxh5 Rg5+ 38. Kh6 Rh8# 0-1

[Event "Titled Tuesday intern op 29th Sept"]
[Site "Chess.com INT"]
[Date "2020.09.29"]
[Round "2"]
[White "Silva, Winston Joseph R"]
[Black "Bouget, Alexandre"]
[Result "0-1"]
[WhiteElo "1892"]
[BlackElo "2238"]
[PlyCount "94"]
[EventDate "2020.09.29"]
[EventType "swiss (blitz)"]
[EventRounds "10"]
[EventCountry "USA"]
[SourceTitle "CBM 198 Extra"]
[Source "ChessBase"]
[SourceDate "2020.11.30"]
[SourceVersion "1"]
[SourceVersionDate "2020.11.30"]
[SourceQuality "1"]

1. d4 Nf6 2. e3 g6 3. h4 d5 4. h5 Nxh5 5. Rxh5 gxh5 6. Qxh5 Bg7 7. Nf3 e6 8. c4 c6 9. Nc3 Nd7 10. e4 dxe4 11. Nxe4 Nf6 12. Qg5 Nxe4 13. Qxg7 Qf6 14. Qxf6 Nxf6 15. Bg5 Ne4 16. Bh4 Nd6 17. 0-0-0 Rg8 18. d5 cxd5 19. cxd5 Nf5 20. Bf6 Bd7 21. dxe6 fxe6 22. Ne5 Rc8+ 23. Kb1 Ba4 24. b3 Bc6 25. g4 Ne7 26. Be2 Nd5 27. Nxc6 Rxc6 28. Bb5 Nxf6 29. Bxc6+ bxc6 30. f3 Nd5 31. Kb2 Kd7 32. Rh1 Rg7 33. a3 Kd6 34. b4 Rf7 35. Rh3 c5 36. b5 c4 37. Kc2 Kc5 38. Rh6 Kxb5 39. Rxe6 Rxf3 40. Re5 Kc5 41. Rh5 Rf7 42. a4 Kd4 43. a5 Nb4+ 44. Kd2 c3+ 45. Kd1 c2+ 46. Kd2 Rf2+ 47. Ke1 Nd3# 0-1

[Event "Titled Tuesday intern op 29th Sept"]
[Site "Chess.com INT"]
[Date "2020.09.29"]
[Round "5"]
[White "Silva, Winston Joseph R"]
[Black "Sorensen, Hampus"]
[Result "0-1"]
[WhiteElo "1892"]
[BlackElo "2361"]
[PlyCount "32"]
[EventDate "2020.09.29"]
[EventType "swiss (blitz)"]
[EventRounds "10"]
[EventCountry "USA"]
[SourceTitle "CBM 198 Extra"]
[Source "ChessBase"]
[SourceDate "2020.11.30"]
[SourceVersion "1"]
[SourceVersionDate "2020.11.30"]
[SourceQuality "1"]

1. d4 f5 2. e4 fxe4 3. Nc3 Nf6 4. Bg5 g6 5. f3 e3 6. Bxe3 Bg7 7. Bd3 0-0 8. h4 d5 9. h5 Nxh5 10. g4 Nf4 11. Nge2 Ng2+ 12. Kf2 Nxe3 13. Kxe3 e5 14. Bb5 exd4+ 15. Nxd4 c5 16. Nxd5 cxd4+ 0-1

[Event "Titled Tuesday intern op 29th Sept"]
[Site "Chess.com INT"]
[Date "2020.09.29"]
[Round "10"]
[White "Wiwatanadate, Poompong"]
[Black "Silva, Winston Joseph R"]
[Result "1-0"]
[WhiteElo "2040"]
[BlackElo "1892"]
[PlyCount "135"]
[EventDate "2020.09.29"]
[EventType "swiss (blitz)"]
[EventRounds "10"]
[EventCountry "USA"]
[SourceTitle "CBM 198 Extra"]
[Source "ChessBase"]
[SourceDate "2020.11.30"]
[SourceVersion "1"]
[SourceVersionDate "2020.11.30"]
[SourceQuality "1"]

1. c4 Nf6 2. Nc3 c5 3. g3 h5 4. Bg2 Nc6 5. h4 d6 6. e4 Bd7 7. Nge2 e5 8. d3 Qc8 9. Rb1 a5 10. Bg5 Be6 11. Bxf6 gxf6 12. Nd5 Bxd5 13. cxd5 Nd4 14. Nxd4 cxd4 15. 0-0 Bh6 16. Kh2 Qg4 17. Qa4+ Qd7 18. Qb3 Rc8 19. Bh3 Qd8 20. Qb5+ Kf8 21. Bxc8 Qxc8 22. Qxa5 Qd7 23. Qb4 Kg7 24. a4 Rc8 25. a5 Rc2 26. Qb3 Rd2 27. Rbd1 Re2 28. Rde1 Rd2 29. Rd1 Re2 30. Kg2 Qg4 31. Rfe1 Bd2 32. Rxe2 Qxe2 33. Rf1 Bxa5 34. Qd1 Qxb2 35. Qxh5 Qc2 36. Qg4+ Kf8 37. Qf3 Bd2 38. Qxf6 Qxd3 39. Qxd6+ Kg8 40. Qd8+ Kg7 41. Qg5+ Kf8 42. Qf5 b5 43. d6 Ba5 44. Qc8+ Kg7 45. Qg4+ Kf8 46. d7 b4 47. Qf3 Qb5 48. Qf5 Ke7 49. h5 b3 50. h6 b2 51. Qg5+ Kxd7 52. Qg4+ Ke7 53. h7 Qxf1+ 54. Kxf1 b1Q+ 55. Kg2 Qb8 56. Qh4+ Kd7 57. h8Q Qb7 58. Qxe5 Bc7 59. Qhe7+ Kc8 60. Qf5+ Kb8 61. Qe8+ Ka7 62. Qa4+ Kb8 63. Qd5 Bb6 64. Qxb7+ Kxb7 65. Qd7+ Ka6 66. Qxf7 d3 67. Qd5 d2 68. Qxd2 1-0

[Event "Titled Tuesday intern op 08th Sept"]
[Site "Chess.com INT"]
[Date "2020.09.08"]
[Round "3"]
[White "Linares Napoles, Oleiny"]
[Black "Silva, Winston Joseph R"]
[Result "1-0"]
[WhiteElo "2215"]
[BlackElo "1892"]
[PlyCount "67"]
[EventDate "2020.09.08"]
[EventType "swiss (blitz)"]
[EventRounds "10"]
[EventCountry "USA"]
[SourceTitle "CBM 198 Extra"]
[Source "ChessBase"]
[SourceDate "2020.11.30"]
[SourceVersion "1"]
[SourceVersionDate "2020.11.30"]
[SourceQuality "1"]

1. c4 Nf6 2. Nc3 c5 3. g3 Nc6 4. Bg2 d6 5. a3 h5 6. Nf3 h4 7. Nxh4 Rxh4 8. gxh4 Bg4 9. h3 Bh5 10. b4 Nd7 11. b5 Na5 12. d3 e6 13. Bg5 Be7 14. Bxe7 Qxe7 15. Qa4 Qd8 16. Ne4 Qc7 17. Ng3 Bg6 18. h5 Bh7 19. 0-0 Rb8 20. Rac1 b6 21. f4 Nf6 22. e4 Ke7 23. Qd1 Rg8 24. Rc3 g5 25. f5 e5 26. Qd2 Qd8 27. Rf2 Nd7 28. f6+ Nxf6 29. Qd1 Nd7 30. Qf3 f6 31. Nf1 Qf8 32. Ne3 Qf7 33. Nd5+ Ke6 34. Qf5+ 1-0

[Event "Titled Tuesday intern op 08th Sept"]
[Site "Chess.com INT"]
[Date "2020.09.08"]
[Round "1"]
[White "Ohanyan, Emin"]
[Black "Silva, Winston Joseph R"]
[Result "1-0"]
[WhiteElo "2291"]
[BlackElo "1892"]
[PlyCount "29"]
[EventDate "2020.09.08"]
[EventType "swiss (blitz)"]
[EventRounds "10"]
[EventCountry "USA"]
[SourceTitle "CBM 198 Extra"]
[Source "ChessBase"]
[SourceDate "2020.11.30"]
[SourceVersion "1"]
[SourceVersionDate "2020.11.30"]
[SourceQuality "1"]

1. e4 Nf6 2. Nc3 d5 3. e5 Nfd7 4. e6 fxe6 5. d4 Nf6 6. g4 c5 7. g5 Nfd7 8. Bd3 g6 9. h4 cxd4 10. h5 Bg7 11. hxg6 dxc3 12. Rxh7 Rxh7 13. gxh7 cxb2 14. Qh5+ Kf8 15. h8Q+ 1-0

[Event "Titled Tuesday intern op 08th Sept"]
[Site "Chess.com INT"]
[Date "2020.09.08"]
[Round "10"]
[White "Silva, Winston Joseph R"]
[Black "Sviridova, Vlada"]
[Result "0-1"]
[WhiteElo "1892"]
[BlackElo "2144"]
[PlyCount "70"]
[EventDate "2020.09.08"]
[EventType "swiss (blitz)"]
[EventRounds "10"]
[EventCountry "USA"]
[SourceTitle "CBM 198 Extra"]
[Source "ChessBase"]
[SourceDate "2020.11.30"]
[SourceVersion "1"]
[SourceVersionDate "2020.11.30"]
[SourceQuality "1"]

1. d4 d5 2. e3 Nf6 3. Bd3 e6 4. Nd2 c5 5. c3 Nc6 6. f4 cxd4 7. exd4 Bd6 8. g3 b6 9. Ngf3 Bb7 10. Qe2 Qc7 11. Ne5 0-0-0 12. a4 h5 13. b4 h4 14. 0-0 hxg3 15. hxg3 Rh3 16. Rf3 Rdh8 17. Nf1 Rh1+ 18. Kg2 Bxe5 19. fxe5 Ng4 20. Bd2 Rxf1 21. Qxf1 Rh2+ 22. Kg1 Rxd2 23. Rxf7 Ne7 24. Bb5 Kb8 25. Rxg7 Qxc3 26. Rxg4 Qe3+ 27. Kh1 Nf5 28. Rg8+ Bc8 29. Qf4 Nxg3+ 30. Qxg3 Qe4+ 31. Kg1 Qxd4+ 32. Kh1 Qxa1+ 33. Qg1 Rd1 34. Rxc8+ Kxc8 35. Ba6+ Kc7 0-1

[Event "Titled Tuesday intern op 25th Aug"]
[Site "Chess.com INT"]
[Date "2020.08.25"]
[Round "2"]
[White "Kleinman, Michael"]
[Black "Silva, Winston Joseph R"]
[Result "1-0"]
[WhiteElo "2387"]
[BlackElo "1892"]
[PlyCount "41"]
[EventDate "2020.08.25"]
[EventType "swiss (blitz)"]
[EventRounds "10"]
[EventCountry "USA"]
[SourceTitle "CBM 198 Extra"]
[Source "ChessBase"]
[SourceDate "2020.11.30"]
[SourceVersion "1"]
[SourceVersionDate "2020.11.30"]
[SourceQuality "1"]

1. Nf3 Nf6 2. g3 d6 3. Bg2 h5 4. d4 c6 5. c4 h4 6. Nxh4 Rxh4 7. gxh4 Nbd7 8. Nc3 e5 9. Bg5 Qb6 10. dxe5 Nxe5 11. Qb3 Qa5 12. 0-0 Qc7 13. Rad1 Be6 14. Rd4 Nfd7 15. f4 f6 16. fxe5 fxg5 17. Rxf8+ Kxf8 18. exd6 Qd8 19. Qxb7 Rb8 20. Qc7 Rxb2 21. Qxd8+ 1-0

[Event "Titled Tuesday intern op 25th Aug"]
[Site "Chess.com INT"]
[Date "2020.08.25"]
[Round "8"]
[White "Silva, Winston Joseph R"]
[Black "Kazarian, Anna Maja"]
[Result "1-0"]
[WhiteElo "1892"]
[BlackElo "2096"]
[PlyCount "87"]
[EventDate "2020.08.25"]
[EventType "swiss (blitz)"]
[EventRounds "10"]
[EventCountry "USA"]
[SourceTitle "CBM 198 Extra"]
[Source "ChessBase"]
[SourceDate "2020.11.30"]
[SourceVersion "1"]
[SourceVersionDate "2020.11.30"]
[SourceQuality "1"]

1. d4 d5 2. e3 Nf6 3. Bd3 e6 4. Nd2 c5 5. c3 Nc6 6. f4 Bd6 7. Ngf3 0-0 8. 0-0 a5 9. Ne5 Qc7 10. g4 Bxe5 11. fxe5 Nxe5 12. dxe5 Qxe5 13. Nf3 Qd6 14. g5 Nd7 15. e4 b6 16. e5 Nxe5 17. Bf4 f6 18. gxf6 gxf6 19. Bh6 Rf7 20. Nxe5 Qxe5 21. Bf4 Rg7+ 22. Kh1 Bb7 23. Bxe5 d4+ 24. Qf3 Bxf3+ 25. Rxf3 fxe5 26. Re1 dxc3 27. bxc3 Rd8 28. Rxe5 Rd6 29. Rfe3 Kf7 30. Be2 Ke7 31. h3 Rg6 32. Bc4 a4 33. Re2 Rd1+ 34. Kh2 Rd6 35. a3 Rf6 36. Bb5 Rd1 37. Bxa4 Rd3 38. Bb3 Rff3 39. Rxe6+ Kd7 40. Rh6 Rxc3 41. Rxh7+ Kc6 42. Ba4+ Kd5 43. Rd2+ Ke5 44. Rh5+ 1-0

[Event "Titled Tuesday intern op 25th Aug"]
[Site "Chess.com INT"]
[Date "2020.08.25"]
[Round "4"]
[White "Silva, Winston Joseph R"]
[Black "Mazi, Leon"]
[Result "0-1"]
[WhiteElo "1892"]
[BlackElo "2354"]
[PlyCount "56"]
[EventDate "2020.08.25"]
[EventType "swiss (blitz)"]
[EventRounds "10"]
[EventCountry "USA"]
[SourceTitle "CBM 198 Extra"]
[Source "ChessBase"]
[SourceDate "2020.11.30"]
[SourceVersion "1"]
[SourceVersionDate "2020.11.30"]
[SourceQuality "1"]

1. d4 Nf6 2. e3 g6 3. Bd3 Bg7 4. h4 h5 5. c4 d6 6. Qc2 c5 7. Nf3 Nc6 8. a3 Bg4 9. Ng5 Kf8 10. f3 Bd7 11. d5 Ne5 12. Be2 a6 13. Nc3 Rb8 14. 0-0 b5 15. cxb5 axb5 16. f4 Neg4 17. f5 Bxf5 18. Rxf5 gxf5 19. Qxf5 Qd7 20. Qf1 b4 21. axb4 cxb4 22. Bb5 Qc7 23. Nce4 Kg8 24. Nxf7 Kxf7 25. Ng5+ Kg8 26. Qf5 Qc8 27. Qg6 Ne5 28. Ba6 Nxg6 0-1

[Event "Titled Tuesday intern op 25th Aug"]
[Site "Chess.com INT"]
[Date "2020.08.25"]
[Round "10"]
[White "Yakimova, Mariya"]
[Black "Silva, Winston Joseph R"]
[Result "1-0"]
[WhiteElo "2269"]
[BlackElo "1892"]
[PlyCount "35"]
[EventDate "2020.08.25"]
[EventType "swiss (blitz)"]
[EventRounds "10"]
[EventCountry "USA"]
[SourceTitle "CBM 198 Extra"]
[Source "ChessBase"]
[SourceDate "2020.11.30"]
[SourceVersion "1"]
[SourceVersionDate "2020.11.30"]
[SourceQuality "1"]

1. d4 Nf6 2. c4 e5 3. dxe5 Ng4 4. Bf4 Bc5 5. e3 d6 6. exd6 Nc6 7. Nf3 Qf6 8. Qd2 cxd6 9. Bd3 0-0 10. 0-0 Nge5 11. Be2 Nxf3+ 12. Bxf3 Ne5 13. Bd5 Be6 14. Nc3 Nxc4 15. Bxc4 Bxc4 16. Rfd1 Rfd8 17. Ne4 Qg6 18. Nxc5 1-0

[Event "Titled Tuesday intern op 14th July"]
[Site "Chess.com INT"]
[Date "2020.07.14"]
[Round "9"]
[White "Silva, Winston Joseph R"]
[Black "Fominykh, Maria"]
[Result "1-0"]
[WhiteElo "1892"]
[BlackElo "2206"]
[PlyCount "57"]
[EventDate "2020.07.14"]
[EventType "swiss (blitz)"]
[EventRounds "10"]
[EventCountry "USA"]
[SourceTitle "CBM 197 Extra"]
[Source "ChessBase"]
[SourceDate "2020.09.30"]
[SourceVersion "1"]
[SourceVersionDate "2020.09.30"]
[SourceQuality "1"]

1. d4 d6 2. e4 g6 3. Nc3 Bg7 4. Bg5 a6 5. Bc4 b5 6. Bb3 Nd7 7. Qf3 f6 8. e5 Nb6 9. Bh4 dxe5 10. dxe5 Qd4 11. exf6 Nxf6 12. Bg3 Bg4 13. Qc6+ Bd7 14. Qb7 Rc8 15. Nge2 Qb4 16. Qxa6 Nc4 17. 0-0-0 0-0 18. Rxd7 Nxd7 19. Qe6+ Kh8 20. Qxd7 Nxb2 21. Kxb2 Qc5 22. Qd5 Qa7 23. Qxb5 Rb8 24. Qd3 c5 25. Bxb8 Qxb8 26. Qc4 Rc8 27. Rg1 Qe5 28. Rd1 Qxh2 29. Nf4 1-0

[Event "Titled Tuesday intern op 30th June"]
[Site "Chess.com INT"]
[Date "2020.06.30"]
[Round "8"]
[White "Seletsky, Grigory"]
[Black "Silva, Winston Joseph R"]
[Result "0-1"]
[WhiteElo "2272"]
[BlackElo "1892"]
[PlyCount "134"]
[EventDate "2020.06.30"]
[EventType "swiss (blitz)"]
[EventRounds "10"]
[EventCountry "USA"]
[SourceTitle "CBM 197 Extra"]
[Source "ChessBase"]
[SourceDate "2020.09.30"]
[SourceVersion "1"]
[SourceVersionDate "2020.09.30"]
[SourceQuality "1"]

1. e4 Nf6 2. e5 Nd5 3. d4 d6 4. c4 Nb6 5. exd6 cxd6 6. Be3 g6 7. Nc3 Bg7 8. Rc1 0-0 9. b3 a5 10. a4 Nc6 11. Nf3 Nb4 12. Be2 d5 13. c5 Nd7 14. 0-0 e5 15. dxe5 Nxe5 16. Nxe5 Bxe5 17. Bd4 Bc7 18. Qd2 Qh4 19. g3 Qh3 20. Bf3 Be6 21. Nb5 Bb8 22. Rfe1 Nc6 23. Bb2 Qf5 24. Bg2 Be5 25. f4 Bg7 26. Nd4 Nxd4 27. Bxd4 Rad8 28. Bxg7 Kxg7 29. Qd4+ Qf6 30. Re5 Rd7 31. Rd1 Rfd8 32. h3 h6 33. Kh2 h5 34. Rd2 Kf8 35. Bf3 Rc7 36. Kg2 Qe7 37. Bxd5 Qf6 38. Re4 Qxd4 39. Rexd4 Rcd7 40. Bxe6 Rxd4 41. Rxd4 Rxd4 42. Bc4 Ke7 43. Kf3 f6 44. g4 hxg4+ 45. hxg4 Kd7 46. Ke3 Rd1 47. Bd3 g5 48. fxg5 fxg5 49. Be4 Kc7 50. Bf3 Rc1 51. Bd5 Rb1 52. Kd4 Rc1 53. Be4 Rg1 54. Bf5 Rg3 55. Kc4 Rf3 56. Be6 Rf4+ 57. Kb5 Rb4+ 58. Kxa5 Rd4 59. b4 Rd3 60. Kb5 Rd8 61. Bf5 Rd4 62. a5 Rf4 63. Be6 Re4 64. Bf5 Re5 65. Kc4 Re3 66. Kd4 Rf3 67. Kc4 Rf4+ 0-1

[Event "Titled Tuesday intern op 23rd June"]
[Site "Chess.com INT"]
[Date "2020.06.23"]
[Round "4"]
[White "Boyer, Mahel"]
[Black "Silva, Winston Joseph R"]
[Result "1-0"]
[WhiteElo "2294"]
[BlackElo "1892"]
[PlyCount "51"]
[EventDate "2020.06.23"]
[EventType "swiss (blitz)"]
[EventRounds "10"]
[EventCountry "USA"]
[SourceTitle "CBM 197 Extra"]
[Source "ChessBase"]
[SourceDate "2020.09.30"]
[SourceVersion "1"]
[SourceVersionDate "2020.09.30"]
[SourceQuality "1"]

1. e4 Nf6 2. Nc3 d5 3. e5 Nfd7 4. e6 fxe6 5. d4 Nf6 6. Nf3 c5 7. dxc5 Qa5 8. Bb5+ Bd7 9. Nd4 Bxb5 10. Ndxb5 a6 11. Nd4 Qxc5 12. Nxe6 Qd6 13. Qe2 Kd7 14. Ng5 Rg8 15. 0-0 h6 16. Nf7 Qe6 17. Ne5+ Kc8 18. Bf4 Nc6 19. Rad1 g5 20. Bg3 Bg7 21. Rfe1 Nxe5 22. Bxe5 Rd8 23. Qd3 d4 24. Na4 b5 25. Qf3 Qd5 26. Nb6+ 1-0

[Event "Titled Tuesday intern op 9th June"]
[Site "Chess.com INT"]
[Date "2020.06.09"]
[Round "4"]
[White "Divya, Deshmukh"]
[Black "Silva, Winston Joseph R"]
[Result "0-1"]
[WhiteElo "2305"]
[BlackElo "1892"]
[PlyCount "128"]
[EventDate "2020.06.09"]
[EventType "swiss (blitz)"]
[EventRounds "10"]
[EventCountry "USA"]
[SourceTitle "CBM 196 Extra"]
[Source "ChessBase"]
[SourceDate "2020.07.31"]
[SourceVersion "1"]
[SourceVersionDate "2020.07.31"]
[SourceQuality "1"]

1. e4 Nf6 2. e5 Nd5 3. d4 d6 4. c4 Nb6 5. exd6 cxd6 6. Nc3 g6 7. h3 Bg7 8. Nf3 0-0 9. Be2 Nc6 10. 0-0 e5 11. d5 Ne7 12. Be3 f5 13. c5 f4 14. cxb6 fxe3 15. fxe3 Qxb6 16. Qd2 Bh6 17. Kh1 a6 18. Bd3 Qxe3 19. Qxe3 Bxe3 20. Ne4 Nf5 21. g4 Nd4 22. Nxd4 Bxd4 23. Nxd6 Bxb2 24. Rab1 Rxf1+ 25. Bxf1 Bd4 26. Rc1 Bd7 27. Rc7 Bb5 28. Bxb5 axb5 29. Nxb7 Rxa2 30. d6 e4 31. d7 Bf6 32. Rc6 Bh4 33. Re6 Rd2 34. Re8+ Kf7 35. d8Q Bxd8 36. Rxd8 Rxd8 37. Nxd8+ Kf6 38. Kg2 Ke5 39. Kf2 Kd4 40. Ke2 b4 41. Nc6+ Kc3 42. Na5 Kd4 43. Nb3+ Kc3 44. Nd2 h5 45. g5 Kd4 46. h4 Ke5 47. Ke3 Kf5 48. Nxe4 Kg4 49. Nf6+ Kxh4 50. Kf4 b3 51. Ne4 b2 52. Nc3 Kh3 53. Ke5 Kg4 54. Kf6 h4 55. Kxg6 h3 56. Kf7 h2 57. g6 h1Q 58. g7 Qh7 59. Kf8 Qf5+ 60. Ke8 Qe6+ 61. Kf8 Qf6+ 62. Kg8 Qxc3 63. Kh8 Qxg7+ 64. Kxg7 b1Q 0-1

[Event "Titled Tuesday intern op 9th June"]
[Site "Chess.com INT"]
[Date "2020.06.09"]
[Round "1"]
[White "Silva, Winston Joseph R"]
[Black "Eynullayev, Altay Elshan"]
[Result "1-0"]
[WhiteElo "1892"]
[BlackElo "2227"]
[PlyCount "111"]
[EventDate "2020.06.09"]
[EventType "swiss (blitz)"]
[EventRounds "10"]
[EventCountry "USA"]
[SourceTitle "CBM 196 Extra"]
[Source "ChessBase"]
[SourceDate "2020.07.31"]
[SourceVersion "1"]
[SourceVersionDate "2020.07.31"]
[SourceQuality "1"]

1. d4 Nf6 2. e3 g6 3. Bd3 d5 4. Nd2 Bg7 5. f4 0-0 6. Ngf3 c5 7. c3 Nc6 8. 0-0 Rb8 9. Ne5 Qc7 10. Qf3 b5 11. h3 b4 12. g4 bxc3 13. bxc3 Bb7 14. Ba3 Nxe5 15. fxe5 Nd7 16. Rac1 Qa5 17. Nb1 Ba8 18. h4 Rxb1 19. Bxb1 Qxa3 20. h5 Qa6 21. hxg6 fxg6 22. Qh3 Qe6 23. Rxf8+ Nxf8 24. Rf1 Bc6 25. Qf3 Bd7 26. g5 Bc8 27. e4 dxe4 28. Bxe4 Kh8 29. Bd5 Qg4+ 30. Qxg4 Bxg4 31. Rf7 cxd4 32. cxd4 Be6 33. Bxe6 Nxe6 34. Rxe7 Nxd4 35. Rxa7 Bxe5 36. Ra8+ Kg7 37. Kg2 Ne6 38. a4 Nxg5 39. a5 Ne6 40. a6 Nc7 41. Ra7 Kf6 42. Rxc7 Bxc7 43. a7 Be5 44. a8Q Kf5 45. Qc6 h5 46. Qd7+ Kg5 47. Qf7 Bf6 48. Kh3 Kf5 49. Qd7+ Kg5 50. Qd5+ Kh6 51. Qe6 Kg5 52. Qe3+ Kf5 53. Qf3+ Kg5 54. Qe4 Bg7 55. Kg3 Bf6 56. Qf4# 1-0

[Event "Titled Tuesday intern op 5th May"]
[Site "Chess.com INT"]
[Date "2020.05.05"]
[Round "3"]
[White "Chernomordik, Pavel"]
[Black "Silva, Winston Joseph R"]
[Result "1-0"]
[WhiteElo "2218"]
[BlackElo "1892"]
[PlyCount "45"]
[EventDate "2020.05.05"]
[EventType "swiss (blitz)"]
[EventRounds "10"]
[EventCountry "USA"]
[SourceTitle "EXT 2021"]
[Source "ChessBase"]
[SourceDate "2020.10.23"]
[SourceVersion "1"]
[SourceVersionDate "2020.10.23"]
[SourceQuality "1"]

1. e4 Nf6 2. Nc3 d6 3. d4 g6 4. Bg5 Bg7 5. Qd2 h6 6. Bh4 0-0 7. f4 c5 8. dxc5 dxc5 9. Qxd8 Rxd8 10. e5 Nh5 11. g3 g5 12. fxg5 Bxe5 13. gxh6 Nc6 14. Nf3 Bxc3+ 15. bxc3 Bg4 16. Be2 Rd6 17. Rb1 b6 18. h3 Bxf3 19. Bxf3 Re6+ 20. Kf2 Rxh6 21. Rhe1 e6 22. Bxc6 Rc8 23. Bf3 1-0